Lives, Land, and Labour: A Social History of Eighteenth-Century Sri Lanka /
The "Thombos" are a rather unique collection of eighteenth-century land and population registers detailing the lives lived, lands held, and labour provided by tens of thousands of people inhabiting the coastal regions of Sri Lanka that were colonised by the Dutch East India Company. Turnin...
Main Author:
Format: eBook
Language: English
Published:
Leiden ; Boston :
Brill,
2026.
Series:
Early Modern History and Modern History E-Books online, Collection 2026
European Expansion and Indigenous Response ;
51.
Subjects:
Online Access: Login to view Source
Tags: Add Tag
Call Number: DS501
| LEADER | 02400nam a22004698i 4500 | ||
|---|---|---|---|
| 001 | BRILL9789004754379 | ||
| 003 | nllekb | ||
| 005 | 20260324115024.0 | ||
| 006 | m d | ||
| 007 | cr un uuuua | ||
| 008 | 251119s2026 gw sb 001 0 eng d | ||
| 020 | |a 9789004754379 |q (electronic book) | ||
| 020 | |z 9789004754362 |q (print) | ||
| 024 | 7 | |a 10.1163/9789004754379 |2 DOI | |
| 040 | |a NL-LeKB |c NL-LeKB |e rda | ||
| 041 | |a eng | ||
| 050 | 4 | |a DS501 | |
| 072 | 7 | |a HBG |2 bicssc | |
| 072 | 7 | |a HIS |x 037000 |2 bisacsh | |
| 082 | 0 | 4 | |a 950 |
| 100 | 1 | |a Bulten, Luc, |e author. | |
| 245 | 1 | 0 | |a Lives, Land, and Labour: A Social History of Eighteenth-Century Sri Lanka / |c Luc Bulten. |
| 264 | 1 | |a Leiden ; |a Boston : |b Brill, |c 2026. | |
| 264 | 4 | |c ©2026 | |
| 300 | |a 1 online resource (240 pages) : |b illustrations. | ||
| 336 | |a text |b txt |2 rdacontent | ||
| 337 | |a computer |b c |2 rdamedia | ||
| 338 | |a online resource |2 rdacarrier | ||
| 490 | 1 | |a Early Modern History and Modern History E-Books online, Collection 2026 | |
| 490 | 1 | |a European Expansion and Indigenous Response ; |v 51 | |
| 504 | |a Includes bibliographical references and index. | ||
| 520 | |a The "Thombos" are a rather unique collection of eighteenth-century land and population registers detailing the lives lived, lands held, and labour provided by tens of thousands of people inhabiting the coastal regions of Sri Lanka that were colonised by the Dutch East India Company. Turning this archive inside out by highlighting both the indigenous and colonial roots of this administrative system, Luc Bulten presents a gateway into everyday social realities surrounding caste, conjugality, (forced) work, and land tenure. In doing so, he demonstrates how both European expansionism and local agency reciprocally affected the ways such social realities were shaped. | ||
| 546 | |a English | ||
| 588 | |a Description based on print version record. | ||
| 650 | 0 | |a Asian Studies. | |
| 650 | 0 | |a History. | |
| 651 | 0 | |a South Asia. | |
| 776 | 0 | 8 | |i Print version: |t Lives, Land, and Labour: A Social History of Eighteenth-Century Sri Lanka. |d Leiden ; Boston : Brill, 2026. |z 9789004754362 |w (OCoLC)1541916040 |
| 830 | 0 | |a Early Modern History and Modern History E-Books online, Collection 2026 | |
| 830 | 0 | |a European Expansion and Indigenous Response ; |v 51. | |
| 856 | 4 | |z DOI: |u http://dx.doi.org/10.1163/9789004754379 | |
| 999 | |c 61956 |d 61956 | ||
